000
00291nam a22001337a 4500
008
170914b xxu||||| |||| 00| 0 eng d
020
_a
0133294587
041
_a
eng
080
_2
3RD
_a
7
100
_a
44
101
_a
ART
245
_a
FORM, SPACE, AND VISION
_c
COLLER,G
942
_2
udc
_c
BK
999
_c
27513
_d
27513